000 01239cam a2200325 a 4500
001 14036879
003 OSt
005 20140310184447.0
008 050714s2005 enka j 000 0 eng d
010 _a 2005299081
020 _a0439715652
035 _a(OCoLC)ocm59363175
040 _aWDG
_cWDG
_dDLC
042 _alccopycat
050 0 0 _aAG 243
_b.C355 2005
100 1 _aCalkhoven, Laurie.
_919830
245 1 0 _aGuinness world records fearless feats :
_bincredible records of human achievement /
_ccompiled by Laurie Calkhoven and Ryan Herndon ; for Guinness world records : Laura Barrett...[et...al].
260 _aNew York :
_bScholastic Inc.,
_c2005.
300 _a88 p. :
_bill. ;
_c20 cm.
526 _c1100L to 1700L
541 _j1
562 _eFor Scholastic Reading Center. 1 copy available
650 0 _aCuriosities and wonders.
_921910
650 0 _aWorld records.
_927490
700 1 _aHerndon, Ryan.
_97278
856 4 2 _3Publisher description
_uhttp://www.loc.gov/catdir/enhancements/fy1203/2005299081-d.html
906 _a7
_bcbc
_ccopycat
_d2
_encip
_f20
_gy-gencatlg
942 _2lcc
_cBK-SCHOLAS
999 _c34539
_d34539